000 00257nam a2200109 a 4500
005 20140513081050.0
008 020606s19uu xx 00 eng d
050 _aP 411
_bFAM 1989
245 _aFamous African American.
650 _aPosters
999 _c116296
_d116296